000 00419nam a2200169 a 4500
001 7772
005 20180713191655.0
008 140415s1992 sp 000 0 spa d
041 _aspa
082 _a150
_bBEL
100 1 _aBELTRAN LLERA, JESUS
245 1 0 _aPARA COMPRENDER LA PSICOLOGIA
250 _a3a ed.
260 _aESPAÑA :
_bVERBO DIVINO,
_c1992
300 _a384
650 1 4 _aPSICOLOGIA
999 _c7772
_d7772